[Event "Wch U12"]
[Site "Montesilvano"]
[Date "2024.11.25"]
[Round "10"]
[White "Nguyen, Le Nguyen"]
[Black "Sharku, Uvejs"]
[Result "1-0"]
[WhiteElo "1782"]
[BlackElo "1516"]
[PlyCount "49"]
[EventDate "2024.11.15"]
[EventType "swiss"]
[EventRounds "11"]
[EventCountry "ITA"]
[SourceTitle "CB48_2024"]
[SourceDate "2024.11.28"]
[SourceVersion "1"]
[SourceVersionDate "2024.11.28"]
[SourceQuality "1"]

1. e4 c6 2. d4 d5 3. f3 g6 4. e5 Bg7 5. Bd3 f6 6. f4 Nh6 7. Nf3 0-0 8. 0-0 Qb6 9. a4 a5 10. Ra3 Bd7 11. Kh1 Nf5 12. Be2 Na6 13. g4 Nh6 14. h3 fxe5 15. fxe5 Rf7 16. Rb3 Qa7 17. Bd2 Nc7 18. Qc1 Nxg4 19. hxg4 Bxg4 20. Be3 Raf8 21. Nbd2 Qb8 22. Qe1 Qc8 23. Qh4 Rf5 24. Qxg4 Rh5+ 25. Nh2 1-0

[Event "Wch U12"]
[Site "Montesilvano"]
[Date "2024.11.20"]
[Round "6"]
[White "Nguyen, Le Nguyen"]
[Black "Sun, Kevin"]
[Result "0-1"]
[WhiteElo "1782"]
[BlackElo "1966"]
[PlyCount "58"]
[EventDate "2024.11.15"]
[EventType "swiss"]
[EventRounds "11"]
[EventCountry "ITA"]
[SourceTitle "CB48_2024"]
[SourceDate "2024.11.28"]
[SourceVersion "1"]
[SourceVersionDate "2024.11.28"]
[SourceQuality "1"]

1. e4 c5 2. Nc3 Nc6 3. Bb5 Nd4 4. Nf3 e6 5. 0-0 a6 6. Bd3 Nxf3+ 7. Qxf3 Bd6 8. b3 Ne7 9. Qg4 h5 10. Qg5 Qc7 11. f4 Ng6 12. e5 Be7 13. Qg3 Rh6 14. Ne4 b6 15. Bb2 h4 16. Qg4 h3 17. f5 hxg2 18. Rf2 Nxe5 19. Qxg7 Nf3+ 20. Kxg2 Bf8 21. Qg8 Nd4 22. Kg1 Bb7 23. Ng5 0-0-0 24. Nxf7 Rxh2 25. Rxh2 Nf3+ 26. Kf2 Qxh2+ 27. Qg2 Qxg2+ 28. Kxg2 Ne5+ 29. Kh3 Nxf7 0-1

[Event "Eastern Asia-ch U10"]
[Site "Tornelo INT"]
[Date "2021.10.31"]
[Round "9"]
[White "Tuvshintulga, Tumurchudur"]
[Black "Nguyen, Le Nguyen"]
[Result "1/2-1/2"]
[WhiteElo "1154"]
[BlackElo "1511"]
[PlyCount "121"]
[EventDate "2021.10.29"]
[EventType "swiss"]
[EventRounds "9"]
[EventCountry "NET"]
[SourceTitle "EXT 2023"]
[Source "ChessBase"]
[SourceDate "2022.10.05"]
[SourceVersion "1"]
[SourceVersionDate "2022.10.05"]
[SourceQuality "1"]

1. d4 Nf6 2. Bf4 d5 3. e3 e6 4. Nf3 Be7 5. Nbd2 0-0 6. c3 Nbd7 7. Bd3 c5 8. Qe2 b6 9. e4 dxe4 10. Nxe4 Bb7 11. Rd1 Nxe4 12. Bxe4 Bxe4 13. Qxe4 Nf6 14. Qe2 Qc8 15. 0-0 Nd5 16. Bg3 c4 17. Ne5 b5 18. Rfe1 a5 19. a4 f6 20. Nf3 b4 21. Rc1 bxc3 22. bxc3 Kf7 23. Nd2 Nb6 24. Qh5+ Kg8 25. Qb5 Ra6 26. Re2 Nd5 27. Nxc4 Rc6 28. Nxa5 Rxc3 29. Rce1 Rc1 30. Rxe6 Qxe6 31. Rxc1 Nc3 32. d5 Qe4 33. Rxc3 Qe1+ 34. Qf1 Qxc3 35. Nc6 Bc5 36. d6 Bxf2+ 37. Qxf2 Qxc6 38. Qa2+ Kh8 39. h3 Ra8 40. a5 Qc5+ 41. Kh2 Qxa5 42. Qe6 Qd8 43. d7 h6 44. Qc6 Ra7 45. Qc8 Rxd7 46. Qc2 Rd2 47. Qb1 Qd5 48. Qb8+ Kh7 49. Qb1+ f5 50. Qg1 Qe4 51. Qf1 h5 52. h4 Rc2 53. Kh3 Qg4+ 54. Kh2 Ra2 55. Qc1 Ra4 56. Qc2 Rc4 57. Qd3 Rc1 58. Qe3 Rc4 59. Qd3 Qe4 60. Qd1 Qg4 61. Qd3 1/2-1/2

[Event "Eastern Asia-ch U10"]
[Site "Tornelo INT"]
[Date "2021.10.30"]
[Round "5"]
[White "Le, Anh Tu"]
[Black "Nguyen, Le Nguyen"]
[Result "1-0"]
[WhiteElo "1258"]
[BlackElo "1511"]
[PlyCount "101"]
[EventDate "2021.10.29"]
[EventType "swiss"]
[EventRounds "9"]
[EventCountry "NET"]
[SourceTitle "EXT 2023"]
[Source "ChessBase"]
[SourceDate "2022.10.05"]
[SourceVersion "1"]
[SourceVersionDate "2022.10.05"]
[SourceQuality "1"]

1. e4 c5 2. Nf3 d6 3. d4 cxd4 4. Nxd4 Nf6 5. Nc3 g6 6. Be3 Bg7 7. f3 0-0 8. Qd2 Nc6 9. 0-0-0 d5 10. Nxc6 bxc6 11. exd5 Nxd5 12. Nxd5 cxd5 13. Qxd5 Qc7 14. Qc5 Qb7 15. b3 Bf5 16. Bd3 Rfc8 17. Qa5 Qc6 18. Bxf5 gxf5 19. c4 Qe6 20. Bd4 Bh6+ 21. Kb1 Rab8 22. Qe5 Qxe5 23. Bxe5 Rb6 24. Kc2 f6 25. Bc3 Rb7 26. Rhe1 e5 27. Rd6 Bg7 28. f4 e4 29. Bxf6 Bxf6 30. Rxf6 Rf7 31. Rxf7 Kxf7 32. h3 Ke6 33. g4 Rg8 34. g5 h6 35. h4 hxg5 36. hxg5 Rh8 37. Re2 Rh4 38. Rf2 Kf7 39. Kc3 Kg6 40. c5 Rh3+ 41. Kd4 Rd3+ 42. Kc4 Rd1 43. c6 Rc1+ 44. Kd5 Rd1+ 45. Ke6 Rc1 46. Kd7 Rd1+ 47. Kc8 Kf7 48. c7 e3 49. Re2 Rd2 50. Rxe3 Rxa2 51. Kb8 1-0